00500nam a22001457a 4500020001800000082002200018100003800040245006800078260004200146300000800188650004200196942000700238952009200245999001700337 a9788187358473 a301.452971054 AHM aAhmad, Imtiaz and Reifeld, Helmut aLived Islam in South Asia: Adaptation, Accommodation & Conflict aNew DelhibSocial Science Pressc2004 a308 aMuslims -- India -- Social conditions cBK 00104070aHMIbHMIcGENd2023-01-03l0o301.452971054 AHMr2023-01-03w2023-01-03yBK c23297d23297